Statistics for Svenska riksdagspartier

Click here to take the quiz!

General Stats

  • This quiz has been taken 408 times
  • The average score is 6 of 8

Answer Stats

Answer% Correct
Socialdemokraterna
93%
Moderaterna
84%
Sverigedemokraterna
81%
Liberalerna
74%
Miljöpartiet
73%
Vänsterpartiet
71%
Centerpartiet
67%
Kristdemokraterna
58%

Score Distribution

Percentile by Number Answered

Percent of People with Each Score

Your Score History

You have not taken this quiz